000 00202 a2200097 4500
001 6391
100 _aBueche, F
245 _aPrinciples of Physics
260 _a
_bMc Graw Hill
_c
090 _c5265
_d5265
942 _aNUST-CAE
_cM
_c31673
999 _c241464
_d241464